| 000 | 01387cam a2200337 i 4500 | ||
|---|---|---|---|
| 001 | 64683 | ||
| 003 | Mx-PuUPA | ||
| 005 | 20240410104107.0 | ||
| 008 | 160331s2015 cc g 000 0 spa d | ||
| 020 | _a9786071303103 | ||
| 040 |
_aMx-PuUPA _cMx-PuUPA _dMx-PuUPA _erda _bspa |
||
| 041 | 1 |
_aspa _heng |
|
| 100 | 1 |
_913279 _aSánchez Zinny, Gabriel, _eautor |
|
| 240 | 1 | 0 |
_aEdcucation 3.0 : the struggle for talent in Latin America. _lEspañol |
| 245 | 1 | 0 |
_aEducación 3.0 : _bla batalla por el talento en América Latina / _cGabriel Sánchez Zinny con la colaboración de James McBride ; traductor, Guillermo Villacrés Cárdenas |
| 250 |
_aPrimera edición / _bfebrero |
||
| 264 | 4 |
_aBogotá, Colombia : _bCarvajal Soluciones Educativas, _c©2015 |
|
| 300 |
_a310 páginas ; _c23 cm |
||
| 336 |
_atexto _btxt _2rdacontent |
||
| 337 |
_2rdamedia _asin medio _bn |
||
| 338 |
_2rdacarrier _avolumen _bnc |
||
| 650 | 7 |
_2armarc _aEducación _zAmérica Latina |
|
| 650 | 7 |
_2armarc _aCalidad de la educación _zAmérica Latina |
|
| 650 | 7 |
_2armarc _aPedagogía _zAmérica Latina |
|
| 700 | 1 |
_aMcBride, James, _ecolaborador |
|
| 700 | 1 |
_aVillacrés Cárdenas, Guillermo, _etraductor |
|
| 765 | 0 | 8 |
_aSánchez Zinny, Gabriel, _tEdcucation 3.0 : the struggle for talent in Latin America. |
| 942 |
_2ddc _cLI _h370.98 _iS194 |
||
| 999 |
_c64683 _d64683 |
||